Dialéctica y libertad /
Serie de ensayos filosóficos sobre la libertad, que, aunque pertenecen a corrientes heterogéneas (estructuralismo, marxismo, fenomenología y existencialismo), muestran ciertas coincidencias, entre ellas, las de una posición desmitificadora que no pretende agotar el tema; tampoco pretenden ofrecer un...
שמור ב:
| מחבר ראשי: | |
|---|---|
| מחברים אחרים: | |
| פורמט: | ספר |
| שפה: | ספרדית |
| יצא לאור: |
Valencia, España :
Fernando Torres,
1976, c1976
|
| סדרה: | (Serie Interdisciplinar ;
16) |
| נושאים: | |
| תגים: |
אין תגיות, היה/י הראשונ/ה לתייג את הרשומה!
|
MARC
| LEADER | 00000nam^a2200000^a^4500 | ||
|---|---|---|---|
| 001 | 000165953 | ||
| 005 | 20250521000000.0 | ||
| 009 | 20260310101035.803 | ||
| 020 | |a 84-7366-052-8 | ||
| 037 | |a Acervo ITESO - Biblioteca | ||
| 041 | |a ESP | ||
| 082 | |a 123. 5 |b ARI | ||
| 100 | |a Ariño Verdú, Amparo |e (selec. y tr.) | ||
| 245 | 1 | 0 | |a Dialéctica y libertad / |c Selec. y tr. por A. Ariño Verdú ; introd. de F. Montero. |
| 264 | 4 | |a Valencia, España : |b Fernando Torres, |c 1976, c1976 | |
| 300 | |a 167 p. | ||
| 336 | |a texto |b txt |2 rdacontenido | ||
| 337 | |a sin mediación |b n |2 rdamedio | ||
| 338 | |a volumen |b nc |2 rdasoporte | ||
| 440 | 1 | |a (Serie Interdisciplinar ; |v 16) | |
| 520 | |a Serie de ensayos filosóficos sobre la libertad, que, aunque pertenecen a corrientes heterogéneas (estructuralismo, marxismo, fenomenología y existencialismo), muestran ciertas coincidencias, entre ellas, las de una posición desmitificadora que no pretende agotar el tema; tampoco pretenden ofrecer una respuesta única, pero trazan caminos de exploración que enriquecen el entendimiento del fenómeno de la libertad. Contenido: "Respuesta a una pregunta", de Michael Foucault; "La libertad en J.P. Sartre", de Jean Hyppolite; "El individuo y la historia", de Karel Kosík; "Marxismo y libertad", de Herbert Marcuse; "La interpretación dialéctica de la libertad", de Fernando Montero; "Sobre el marxismo y el existencialismo", de Adam Schaff. | ||
| 649 | |a XX | ||
| 650 | |a Libertad | ||
| 650 | |a Etica | ||
| 650 | |a Materialismo Histórico y Dialéctico | ||
| 650 | |a Fenomenología | ||
| 650 | |a Estructuralismo | ||
| 650 | |a Materialismo Histórico y Dialéctico | ||
| 650 | |a Escuela de Frankfurt | ||
| 650 | |a Marxismo | ||
| 650 | |a Existencialismo | ||
| 650 | |a Filosofía Alemana | ||
| 650 | |a Filosofía del Siglo XIX | ||
| 650 | |a Filosofía del Siglo XX | ||
| 700 | |a Montero, Fernando |e (introducción) | ||
| 910 | |a Fondo Armando Suárez Gómez | ||
| 920 | |a Impresos - Libros | ||
| 930 | |a Fondos Especiales | ||
| 905 | |a 111 | ||
| 901 | |a 0700007022 |b IT2 |c ESP |u 20250521 | ||
| 902 | |a https://opac.biblio.iteso.mx/vufind/Record/000165953 | ||